[Event "IECC P-4249"]
[Site "IECC email"]
[Date "2006.11.04"]
[Round "?"]
[White "Bowers, Robert"]
[Black "Ostby, Frederick"]
[Result "0-1"]
[WhiteElo "1384"]
[BlackElo "1378"]
[PlyCount "76"]
[EventDate "2006.??.??"]
[EventType "tourn (corr)"]
[EventRounds "1"]
[SourceTitle "Corr 2008"]
[Source "ChessBase"]
[SourceDate "2008.06.24"]
[SourceVersion "1"]
[SourceVersionDate "2008.06.24"]
[SourceQuality "1"]

1. e4 c5 2. Nf3 d6 3. Nc3 Nc6 4. Bb5 Bd7 5. Bxc6 Bxc6 6. d3 e5 7. Be3 Be7 8. 0-0 Nf6 9. Bg5 0-0 10. Bxf6 Bxf6 11. Ne2 d5 12. exd5 Bxd5 13. Nc3 Bc6 14. Re1 Qb6 15. Rb1 Qc7 16. Ne4 Be7 17. Qd2 f6 18. c3 Rad8 19. Rbd1 Bd5 20. a3 f5 21. Neg5 h6 22. Nh3 Bxf3 23. gxf3 Qd6 24. f4 Qg6+ 25. Kh1 Qc6+ 26. Kg1 Rf6 27. Re3 Rg6+ 28. Rg3 e4 29. Kf1 Rxd3 30. Qe2 c4 31. Rdxd3 cxd3 32. Qe3 Qc4 33. Qd4 Qxd4 34. cxd4 Rc6 35. f3 Rc1+ 36. Kf2 d2 37. fxe4 d1Q 38. Kg2 Qf1# 0-1

[Event "IECC P-4033"]
[Site "IECC email"]
[Date "2005.10.30"]
[Round "?"]
[White "Ralls, Richard Nelson"]
[Black "Bowers, Robert"]
[Result "1-0"]
[WhiteElo "1806"]
[BlackElo "1389"]
[PlyCount "69"]
[EventDate "2005.??.??"]
[EventType "tourn (corr)"]
[EventRounds "1"]
[SourceTitle "Corr 2008"]
[Source "ChessBase"]
[SourceDate "2008.06.24"]
[SourceVersion "1"]
[SourceVersionDate "2008.06.24"]
[SourceQuality "1"]

1. e4 e5 2. Nf3 Nc6 3. Bb5 Nf6 4. 0-0 Nxe4 5. Re1 d5 6. d3 Bg4 7. dxe4 dxe4 8. Qxd8+ Rxd8 9. Nxe5 Bd7 10. Bxc6 Bxc6 11. Nxc6 bxc6 12. Rxe4+ Be7 13. Nc3 Rd7 14. Rc4 0-0 15. Be3 Bf6 16. Re1 Rfd8 17. Bxa7 Bxc3 18. Rxc3 Rd1 19. Kf1 Rxe1+ 20. Kxe1 Re8+ 21. Re3 Rxe3+ 22. Bxe3 Kf8 23. a4 Ke8 24. a5 Kd8 25. a6 Kc8 26. Ke2 g6 27. Kd3 Kb8 28. Kc4 Ka8 29. Kc5 Ka7 30. Kxc6+ Kxa6 31. b4 f6 32. c4 f5 33. Kxc7 h5 34. Bb6 g5 35. b5# 1-0

[Event "P-3699"]
[Site "IECC email"]
[Date "2004.06.02"]
[Round "?"]
[White "Bowers, Robert"]
[Black "Booth, Grahame"]
[Result "0-1"]
[WhiteElo "1455"]
[BlackElo "1000"]
[PlyCount "106"]
[EventDate "2004.??.??"]
[EventType "tourn (corr)"]
[SourceTitle "Corr 2020"]
[Source "ChessBase"]
[SourceDate "2019.09.30"]
[SourceVersion "1"]
[SourceVersionDate "2019.09.30"]
[SourceQuality "1"]
[WhiteTeam "United States"]
[BlackTeam "Canada"]
[WhiteTeamCountry "USA"]
[BlackTeamCountry "CAN"]

1. e4 e5 2. Nf3 Nc6 3. Nc3 Nf6 4. Bb5 a6 5. Bxc6 dxc6 6. d3 Bg4 7. h3 Bxf3 8. Qxf3 b5 9. Qf5 Qd4 10. Bg5 Bb4 11. Bd2 0-0 12. Rb1 Rad8 13. a3 Bc5 14. Bg5 h6 15. Bxf6 gxf6 16. 0-0 Qd6 17. Kh2 Qe6 18. Qxe6 fxe6 19. f4 exf4 20. Ne2 e5 21. Rf3 f5 22. exf5 Rxf5 23. Rbf1 Rdf8 24. g3 fxg3+ 25. Rxg3+ Kh7 26. Rxf5 Rxf5 27. Rg2 a5 28. Kg3 h5 29. c3 b4 30. axb4 axb4 31. cxb4 Bxb4 32. Kh2 Rf3 33. Rg3 Rf2+ 34. Rg2 Rf3 35. d4 exd4 36. Nxd4 Bd6+ 37. Kh1 Rxh3+ 38. Kg1 Bc5 39. Rd2 Rh4 40. Rc2 Bxd4+ 41. Kg2 c5 42. b3 Kg6 43. Kg3 Kg5 44. Re2 Rg4+ 45. Kf3 h4 46. Re7 Rf4+ 47. Kg2 Kg4 48. Re6 h3+ 49. Kh2 Rf2+ 50. Kh1 Rf1+ 51. Kh2 Bg1+ 52. Kh1 Bf2+ 53. Kh2 Bg3# 0-1

[Event "IECC Swiss-466.2"]
[Site "IECC email"]
[Date "2003.12.15"]
[Round "?"]
[White "Bowers, Robert"]
[Black "Holt, John"]
[Result "1-0"]
[WhiteElo "1479"]
[BlackElo "829"]
[PlyCount "75"]
[EventDate "2003.??.??"]
[EventType "swiss (corr)"]
[EventRounds "1"]
[SourceTitle "Corr 2020"]
[Source "ChessBase"]
[SourceDate "2019.09.30"]
[SourceVersion "1"]
[SourceVersionDate "2019.09.30"]
[SourceQuality "1"]
[WhiteTeam "United States"]
[BlackTeam "United States"]
[WhiteTeamCountry "USA"]
[BlackTeamCountry "USA"]

1. e4 e5 2. Nf3 Nc6 3. Bb5 a6 4. Bxc6 dxc6 5. Nc3 Bd6 6. 0-0 Nf6 7. d3 0-0 8. Bg5 Be6 9. h3 c5 10. Qd2 c4 11. Bxf6 Qxf6 12. Qg5 Qf4 13. Qxf4 exf4 14. d4 c5 15. d5 Bd7 16. e5 Bc7 17. Rfe1 Bf5 18. Re2 b5 19. Ne4 Bxe4 20. Rxe4 Ba5 21. Rxf4 c3 22. b3 Rad8 23. Rd1 b4 24. Rc4 Bb6 25. a3 a5 26. axb4 axb4 27. Ng5 h6 28. Ne4 Rc8 29. d6 f6 30. exf6 gxf6 31. d7 Ra8 32. Nxc5 Bxc5 33. Rxc5 Rfd8 34. Rb5 Ra2 35. Rxb4 Rxc2 36. Rc4 Rb2 37. Rxc3 Re2 38. Rc8 1-0

[Event "IECC KO email"]
[Site "IECC email"]
[Date "2002.06.17"]
[Round "?"]
[White "Klawitter, Bernd"]
[Black "Bowers, Robert"]
[Result "1-0"]
[WhiteElo "1397"]
[BlackElo "1556"]
[PlyCount "47"]
[EventDate "2002.??.??"]
[EventType "tourn (corr)"]
[EventRounds "6"]
[SourceTitle "Corr 2008"]
[Source "ChessBase"]
[SourceDate "2008.06.24"]
[SourceVersion "1"]
[SourceVersionDate "2008.06.24"]
[SourceQuality "1"]

1. d4 d5 2. c4 e6 3. Nc3 Bb4 4. a3 Bxc3+ 5. bxc3 dxc4 6. e4 b5 7. Nf3 Bb7 8. Qe2 Ne7 9. g3 Nd7 10. Bg2 f6 11. 0-0 c5 12. Rd1 cxd4 13. Nxd4 e5 14. Ne6 Qa5 15. Nxg7+ Kd8 16. Bh3 Bc6 17. Bxd7 Bxd7 18. Qd2 Kc8 19. Qxd7+ Kb8 20. Qxe7 Rc8 21. Rd7 Rc7 22. Rxc7 Qxc7 23. Qxc7+ Kxc7 24. Nf5 1-0

[Event "IECC CL4-2001.29"]
[Site "IECC email"]
[Date "2001.09.14"]
[Round "?"]
[White "Bowers, Robert"]
[Black "Taffijn, Aadrian"]
[Result "0-1"]
[WhiteElo "1576"]
[BlackElo "1607"]
[PlyCount "100"]
[EventDate "2001.??.??"]
[EventType "tourn (corr)"]
[EventRounds "4"]
[SourceTitle "Corr 2008"]
[Source "ChessBase"]
[SourceDate "2008.06.24"]
[SourceVersion "1"]
[SourceVersionDate "2008.06.24"]
[SourceQuality "1"]

1. e4 e5 2. Nf3 d6 3. d4 exd4 4. Nxd4 Bd7 5. Bb5 a6 6. Bxd7+ Nxd7 7. Bf4 Be7 8. Nd2 Bf6 9. N2f3 Ne5 10. Bxe5 dxe5 11. Nf5 Ne7 12. Nxe7 Qxe7 13. 0-0 0-0 14. Qe2 Rad8 15. Rad1 Rfe8 16. Rxd8 Rxd8 17. Rd1 Rxd1+ 18. Qxd1 Qb4 19. b3 Qxe4 20. Qd3 Qxd3 21. cxd3 c5 22. Kf1 b6 23. a4 Kf8 24. Nd2 Bd8 25. Nc4 f6 26. Nd6 Ke7 27. Nf5+ Kf7 28. Ke2 g6 29. Ne3 Ke6 30. Kd2 f5 31. Kc3 b5 32. axb5 axb5 33. Nf1 Ba5+ 34. Kc2 Be1 35. f3 Kd5 36. Kd1 Ba5 37. h3 Kd4 38. Kc2 h6 39. g4 f4 40. h4 h5 41. gxh5 gxh5 42. Nh2 Ke3 43. Nf1+ Kxf3 44. Kd1 c4 45. bxc4 Kg2 46. Ke2 f3+ 47. Ke3 Kxf1 48. Kxf3 b4 49. Ke3 b3 50. Ke4 b2 0-1